000 00646 a2200217 4500
020 _a0-306-40735-3
041 _aEng.
082 _a622.15
_bC273s
100 _aCassinis, R. , ed.
_99699
245 _aThe solution of the inverse problem in Geophysical interpretation
260 _aNew York
_bPlenum
_c1981
300 _aix, 381p. illus
440 _aEttore Majorana international Science series
_n11
_99701
504 _aBibliography at the end of each chapter
650 _aGeophysics
_98420
650 _aProspecting
_99408
650 _aGeographical methods
_99703
650 _aSeismics
_99704
653 _aMining
942 _2ddc
_cGEN
999 _c50599
_d50595